Prénoms : anagrammes selon les pays de 4 ou 5 lettres - Statistiques

Statistiques générales
  • Ce quiz a été pris 42 fois
  • Le résultat moyen est 4 sur 7
Statistiques - réponses
Hint Réponse % Correct
Oman Mona
79%
Mali Mila
68%
Iran Rian
58%
Maroc Marco
53%
Libye bylie
45%
Irak Rika
45%
Grèce Cerge
42%
Aucun quiz correspondant
Distribution des résultats
% des personnes avec chaque résultat
Percentile par nombre de réponses
Votre historique - résultats
Vous n’avez pas pris ce quiz